01759nab a22002777a 4500999001500000003000400015005001700019008004100036040000700077100003300084245017300117260007300290300001500363500003700378505052000415505011500935505008201050650002301132650003101155650003101186650002601217650003701243650003101280773015701311942001301468 c5703d5703OSt20251229122415.0190429b xxu||||| |||| 00| 0 spa d cPJ 96636aSantoianni, Juan Pablo10aConstitucionalidad de las restricciones para acceder a la libertad condicional y demás beneficios en los delitos previstos en la ley 23.737 / cJuan Pablo Santoianni. cCiudad Autónoma de Buenos Aires :aThomson Reuters La Ley, b2025. ap. 205-214 aCita: TR LALEY AR/DOC/2209/2025. aSumario: I. Introducción.— II. La cuestión debatida en el plenario "Tobar Coca". Distintas posturas.— III. Cuestionamientos constitucionales a las modificaciones introducidas por la ley 27.375.— IV. Inexistencia de una doctrina de la Corte respecto de la exclusión de determinados delitos de la libertad condicional y demás salidas anticipadas.— V. Reflexiones sobre la constitucionalidad de las restricciones en los delitos previstos en los arts. 5°, 6° y 7° ley 23.737.— VI. Conclusiones. g  tFallos comentados: CFCasación Penal, en pleno ~ 08/04/2025 ~ Tobar Coca, Néstor s/ inaplicabilidad de ley. tSi te interesa el texto completo, solicitalo a koha@justierradelfuego.gov.ar  09343aDERECHO PENAL 092954aLIBERTAD CONDICIONAL 091237aIGUALDAD ANTE LA LEY 092870aESTUPEFACIENTES 094950aPRINCIPIO DE PROGRESIVIDAD 0aPRINCIPIO DE RAZONABILIDAD0 0265893164tRevista de derecho penal y criminología. Nº 8 - Octubre 2025dCiudad Autónoma de Buenos Aires : Thomson Reuters La Ley, 2017-x00347914 2udccANA